Il controllo della popolazione nell'Egitto romano /

محفوظ في:

المؤلف الرئيسي: Casarico, Loisa (مؤلف)

التنسيق: كتاب

اللغة: Italian
Ancient Greek

منشور في: Azzate : Tipolitografia Tibiletti, 1985-

سلاسل: Corpora Papyrorum Graecarum ; 2, etc.

الموضوعات:

الوسوم: إضافة وسم

لا توجد وسوم, كن أول من يضع وسما على هذه التسجيلة!

رقم الطلب: HB3661.7 .A3 C37 v.1/1-2

LEADER 01080namaa2200325 4500
001 24852
003 OSt
005 20250807113945.0
008 130303m19859999it h g b 001 0 ita d
010 |a 86181199 
020 |a L90000 (v. 1) 
040 |c ARCE Library 
041 0 |a ita  |a grc 
043 |a f-ua--- 
050 4 |a HB3661.7 .A3 C37 v.1/1-2 
100 1 |a Casarico, Loisa,  |e author  |9 27786 
245 1 3 |a Il controllo della popolazione nell'Egitto romano /   |c Loisa Casarico. 
264 1 |a Azzate :   |b Tipolitografia Tibiletti,   |c 1985- 
300 |a volume <1 in 2 > :   |b facsimiles ;  |c 24 cm. 
490 1 |a Corpora Papyrorum Graecarum ;   |v 2, etc. 
500 |a Includes documents in Greek. 
500 |a OCLC 13353480 
504 |a Includes bibliographical references (volume 1, pages xix-xxv) and index. 
505 1 |a 1. Le denunce di morte (2 v.) 
651 0 |a Egypt  |x Population policy  |x History  |x Sources. 
651 0 |a Egypt  |x Population policy  |x History. 
830 0 |a Corpora Papyrorum Graecarum ;   |v 2, etc. 
901 |a reviewed 
942 |c BK  |2 lcc 
999 |c 22019  |d 22019